ნორმალური ფორმატი
MARC ფორმატი
ჩანაწერი Personal Name
ჩანაწერთა რაოდენობა, რომელიც გამოყენებულია: 1
001 - CONTROL NUMBER
- control field: 18744
003 - CONTROL NUMBER IDENTIFIER
- control field: GE_BSU
005 - DATE AND TIME OF LATEST TRANSACTION
- control field: 20230615160642.0
008 - FIXED-LENGTH DATA ELEMENTS
- fixed length control field: 230615|| aca||aabn | a|a d
040 ## - CATALOGING SOURCE
- Original cataloging agency: GE_BSU
- Transcribing agency: GE_BSU
100 ## - HEADING--PERSONAL NAME
- Personal name: ოჩიაური, თ.
- Relator term: რედაქტორი
670 ## - SOURCE DATA FOUND
- Source citation: Work cat.: (GE_BSU): ერიაშვილი, ჟუჟუნა 18743, ტრადიციული სოციალურ-რელიგიური ინსტიტუტების გენეზისი და ძველი მოსახლეობის ტომობრივი სტრუქტურა აღმოსავლეთ საქართველოს მთიანეთში /
